[Event "MCRE_SF02"]
[Site "?"]
[Date "2005.??.??"]
[Round "?"]
[White "Mezera, Lukas"]
[Black "Bednarik, Radovan"]
[Result "1-0"]
[WhiteElo "2266"]
[BlackElo "2201"]
[PlyCount "107"]
[EventDate "2005.??.??"]
[EventType "corr"]
[EventRounds "2"]
[SourceDate "2005.10.20"]

1. e4 d5 2. exd5 Nf6 3. d4 Nxd5 4. c4 Nb6 5. Nf3 Bg4 6. c5 N6d7 7. Bc4 e6 8.
Nc3 Be7 9. h3 Bxf3 10. Qxf3 Nc6 11. Be3 O-O 12. O-O e5 13. Rad1 exd4 14. Bxd4
Nxd4 15. Rxd4 Bxc5 16. Rdd1 Bd6 17. Qxb7 Rb8 18. Qxa7 Nc5 19. Na4 Nxa4 20. Qxa4
Qf6 21. Bb3 Qxb2 22. Qe4 Qf6 23. Rfe1 Rb5 24. Qd4 Be5 25. Qc4 Ra5 26. Rd3 Bd6
27. Rf3 Re5 28. Qc3 Rxe1+ 29. Qxe1 Qd8 30. a4 Qb8 31. Qe4 Qb4 32. Qxb4 Bxb4 33.
Rd3 Bd6 34. g3 g6 35. Kg2 Kg7 36. Bd5 Bc5 37. Bc6 Rb8 38. Bb5 Bd6 39. f4 f5 40.
Kf3 h6 41. Ke3 Kf6 42. Rd5 Ra8 43. Kd4 Ra5 44. Kc4 Ke7 45. h4 Kf6 46. Bc6 Ra7
47. Kb5 g5 48. hxg5+ hxg5 49. Rd4 gxf4 50. gxf4 Kg6 51. a5 Kh5 52. Bf3+ Kh4 53.
a6 Kg3 54. Bb7 1-0

[Event "MCRE_SF02"]
[Site "?"]
[Date "2005.??.??"]
[Round "?"]
[White "Mezera, Lukas"]
[Black "Bares, Jiri"]
[Result "1/2-1/2"]
[WhiteElo "2266"]
[BlackElo "2174"]
[PlyCount "112"]
[EventDate "2005.??.??"]
[EventType "corr"]
[EventRounds "2"]
[SourceDate "2005.10.20"]

1. e4 c5 2. Nf3 d6 3. d4 cxd4 4. Nxd4 Nf6 5. Nc3 a6 6. Bg5 e6 7. f4 b5 8. e5
dxe5 9. fxe5 Qc7 10. exf6 Qe5+ 11. Be2 Qxg5 12. O-O Ra7 13. Qd3 Rd7 14. Ne4 Qe5
15. Nf3 Qxb2 16. Qe3 Bb7 17. a4 Qb4 18. c4 Bxe4 19. Qxe4 Qc5+ 20. Kh1 b4 21.
Qf4 Bd6 22. fxg7 Rg8 23. Qh6 Qf5 24. c5 Bc7 25. Nd4 Qg6 26. Qh3 Qxg7 27. Bh5
Kd8 28. Rad1 Kc8 29. c6 Rxd4 30. Rxd4 Qxd4 31. Bxf7 Rh8 32. Bxe6+ Nd7 33. cxd7+
Kb8 34. Qh5 Qd6 35. Bg4 Ka7 36. g3 b3 37. Qf5 b2 38. Qc2 Qe5 39. Bf3 Ba5 40.
Qc8 Qb8 41. Qc5+ Qb6 42. Qc2 Rb8 43. Rb1 Qf6 44. Bg2 h6 45. Qh7 Bc7 46. Qd3 Qe5
47. Qc2 h5 48. Qf2+ Rb6 49. Bf3 h4 50. gxh4 a5 51. h5 Qf4 52. Qg3 Qc4 53. Qg1
Qd3 54. Bg2 Qc2 55. h6 Ka6 56. h3 Bd8 1/2-1/2

[Event "MCRE_SF02"]
[Site "?"]
[Date "2005.??.??"]
[Round "?"]
[White "Bednarik, Radovan"]
[Black "Bares, Jiri"]
[Result "1/2-1/2"]
[WhiteElo "2201"]
[BlackElo "2174"]
[PlyCount "181"]
[EventDate "2005.??.??"]
[EventType "corr"]
[EventRounds "2"]
[SourceDate "2005.10.20"]

1. d4 d5 2. c4 e6 3. Nf3 Nf6 4. e3 Be7 5. Be2 dxc4 6. Qa4+ c6 7. Qxc4 O-O 8.
O-O Nbd7 9. Nc3 Qc7 10. e4 e5 11. Be3 Bd6 12. Rac1 exd4 13. Bxd4 Bf4 14. Rcd1
b5 15. Qb3 Ne5 16. g3 Be6 17. Qc2 Nxf3+ 18. Bxf3 Be5 19. Bc5 Rfd8 20. Ne2 Rd7
21. Rxd7 Nxd7 22. Be3 Bd6 23. Nd4 Bc4 24. Rd1 Ne5 25. Bg2 c5 26. Nf5 Bf8 27. f4
Ng4 28. h3 Nxe3 29. Nxe3 Be6 30. Nd5 Bxd5 31. Rxd5 Rd8 32. e5 Rxd5 33. Bxd5 Qd7
34. Qg2 Qf5 35. Be4 Qe6 36. b3 c4 37. bxc4 bxc4 38. Kh2 h6 39. Bd5 Qc8 40. Qe4
c3 41. Bb3 Qc5 42. Kg2 Kh8 43. h4 h5 44. f5 Qb4 45. Qd3 Bc5 46. e6 f6 47. e7
Qb7+ 48. Kh2 Qxe7 49. Qc4 Qf8 50. Qe2 g6 51. fxg6 Kg7 52. Qxh5 f5 53. Bc2 Bd6
54. Bxf5 Be5 55. Qh7+ Kf6 56. Qxa7 Bxg3+ 57. Kxg3 Qd6+ 58. Kf3 Qd1+ 59. Kf4
Qd6+ 60. Kg4 Qd1+ 61. Kh3 Qf3+ 62. Kh2 Qe2+ 63. Kg3 Qe5+ 64. Kg2 Qd5+ 65. Kh2
Qe5+ 66. Kg1 Kxf5 67. Qf7+ Qf6 68. Kh2 c2 69. Qd5+ Kxg6 70. h5+ Kh6 71. Qd2+
Kxh5 72. Qxc2 Qe5+ 73. Kg2 Qd5+ 74. Kf2 Kg5 75. a4 Qd4+ 76. Ke2 Qg4+ 77. Kd3
Qf5+ 78. Kc3 Qc5+ 79. Kb3 Qb6+ 80. Ka3 Qd6+ 81. Ka2 Qd4 82. Qc6 Kf5 83. Kb3
Qd3+ 84. Kb4 Qd4+ 85. Kb5 Qd2 86. Qc5+ Ke6 87. a5 Kd7 88. Qc6+ Kd8 89. Ka6 Qe2+
90. Kb7 Qe7+ 91. Ka8 1/2-1/2

[Event "MCRE_SF02"]
[Site "?"]
[Date "2005.??.??"]
[Round "?"]
[White "Bares, Jiri"]
[Black "Bednarik, Radovan"]
[Result "0-1"]
[WhiteElo "2174"]
[BlackElo "2201"]
[PlyCount "140"]
[EventDate "2005.??.??"]
[EventType "corr"]
[EventRounds "2"]
[SourceDate "2005.10.20"]

1. d4 d5 2. c4 c6 3. Nf3 e6 4. cxd5 exd5 5. Bf4 Bf5 6. Nc3 Qb6 7. Qd2 Nf6 8. a3
Nbd7 9. e3 Nh5 10. Bg5 Bd6 11. Be2 Nhf6 12. Nh4 Be6 13. Bd3 h6 14. Bf4 Bxf4 15.
exf4 Ne4 16. Bxe4 dxe4 17. Nxe4 O-O-O 18. O-O Nf6 19. Nxf6 Rxd4 20. Qe3 gxf6
21. Nf3 Rd5 22. Qxb6 axb6 23. Rac1 Rf5 24. g3 Rg8 25. Kh1 Rb5 26. b4 Rd5 27.
Rc3 Rgd8 28. Kg2 Rd3 29. Rfc1 Kc7 30. h4 b5 31. Nh2 f5 32. Nf1 Bd5+ 33. Kg1 Be4
34. Ne3 b6 35. f3 Bxf3 36. Nxf5 h5 37. Kf2 f6 38. Nh6 Be4 39. g4 hxg4 40. Nxg4
R3d6 41. Re3 f5 42. Ne5 Rg8 43. Rg1 Rxg1 44. Kxg1 Rd1+ 45. Kf2 Rh1 46. Kg3 c5
47. bxc5 bxc5 48. Rb3 Bc6 49. Rc3 Kb6 50. Rb3 Bd5 51. Rd3 Be4 52. Rb3 Rg1+ 53.
Kf2 Rg2+ 54. Ke1 Rh2 55. Nd7+ Kc6 56. Ne5+ Kd5 57. Rxb5 Rxh4 58. Ra5 Kd4 59.
Ra4+ Ke3 60. Nc4+ Kxf4 61. Ra5 Rh1+ 62. Kd2 Rh2+ 63. Kc3 Rc2+ 64. Kb3 Bd3 65.
Nb6 c4+ 66. Kb4 Rb2+ 67. Kc5 Rxb6 68. Kxb6 c3 69. Rc5 c2 70. a4 Ke3 0-1